00935nam a2200193 a 450000100100000000500170001000800410002704000250006808200150009310000410010824000570014924500880020626000380029430000210033250001090035359000760046295201860053899900170072400003541920240502103719.0111031s1967 mx 000 0 spa d aDO-SdBNPbspacBNPHU axxxbD486r1 aDeutscher, Isaac, d1907-196796125213aThe unfinish revolution. Rusia, 1971-1967lEspañol13aLa revolución inconclusa :b50 años de historia soviética /cIsaac Deutscher. aMéxico :bEdiciones Era,c1967. a132 p. ;c20 cm. aConferencias "George Macaulay Trevelyan" Pronunciadas en la Universidad de Cambridge enero/marzo de 1967 aPerteneció a la biblioteca personal de Juan Isidro Jimenes Grullón. 001050718MOaGRbGRcCTd2011-10-31iLF1l0oxxx D486rp35419-10r2020-06-25w2020-06-25y1zPerteneció a la biblioteca personal de Juan Isidro Jimenes- GrullónZNo se presta c34910d34910